Психотерапия на алкохолизма (Запис номер 348152)
[ съкратено ]
| 000 -Лидер | |
|---|---|
| Контролно поле с фиксирана дължина | nam a22 a 4500 |
| 003 - Код на организацията, давaща контролен номер | |
| Контролно поле | BLK |
| 005 - Дата и час на последна редакция | |
| Контролно поле | 20201007040641.0 |
| 008 - Елементи от данни с фиксирана дължина | |
| fixed length control field | 200122b bu ||||| |||| 00| 0 bu d |
| 020 ## - Международен стандартен номер на книга ISBN | |
| Международен стандартен номер на книга ISBN | 9786190009528 |
| 040 ## - Източник на каталожния запис | |
| Идентификатор на билиотеката - собственик на записа | BLK |
| 041 ## - Код за език | |
| Код за езика на текст/звукозапис или на отделно заглавие | Български |
| Код за езика КДБФ | Български |
| 080 ## - УДК | |
| Текстов определител УДК | Психотерапия - Психодрама, лечение по системата на йогите, колективна психотерапия, терапевтично влияние на музиката, изкуство. Медитация - психотерапевтични аспекти. Самовнушение. Вж и 616.89 |
| УДК код - определител по УДК | 615.851 |
| УДК - код + определител | 615.851 |
| 080 ## - УДК | |
| Текстов определител УДК | Алкохолизъм. Пиянство. Вж и 351.76 ; 613.81 |
| УДК код - определител по УДК | 178.1 |
| УДК - код + определител | 178.1 |
| 100 ## - Редна дума - Автор | |
| Автор | Кралев, Петър Василев |
| Авторска отговорност | първи автор |
| R(LIN) | 1299 |
| 139 ## - Редно поле | |
| Редна дума | Кралев, Петър Василев |
| Авторски знак | Крал - К 89 |
| 245 ## - Сведения за заглавието | |
| Заглавие | Психотерапия на алкохолизма |
| Подзаглавни данни | Четиво за специалисти и за хора с алкохолен проблем |
| 250 ## - Област на изданието | |
| Сведения за изданието | 2. изд. |
| 260 ## - Област на издателските данни | |
| 9 (RLIN) | 209936 |
| Място на издаване, разпространение и проч. | Велико Търново |
| Име на издателя, разпространителя и проч. | Faber |
| Година на издаване | 2019 |
| 300 ## - Физическа характеристика | |
| Страници | 212 с. |
| Илюстрации и др. | с ил., портр. |
| Размери/Мащаб | 24 см |
| 380 ## - Жанр | |
| Жанр | Медицина |
| 500 ## - Общи забележки | |
| Забележка | 1. изд. 2008<br/>Биогр. данни за авт. отбелязани на гърба на кор.<br/>Библиогр. след отд. гл. |
| 650 #0 - Допълнително описание по предмет – тема | |
| 9 (RLIN) | 302349 |
| Основно описание – тема или топоним | Алкохолизъм - психологични проблеми |
| 653 #7 - Ключова дума – ненормативна | |
| 9 (RLIN) | 194887 |
| Ключова дума | психотерапия |
| 700 ## - Други автори (авторска отговорност) | |
| 9 (RLIN) | 695 |
| Лично име | Хаджийски, Минко |
| Автороска отговорност (Описва отношението между автора и произведението) | науч. ред. |
| 999 ## - СИСТЕМНИ КОНТРОЛНИ НОМЕРА | |
| Koha biblionumber | 348152 |
| Koha biblioitemnumber | 348152 |
| 942 ## - АРТИКУЛИ | |
| Вид на библиотечния материал | Книги |
| Скрит в OPAC | Не |
| Периодичен библиозапис | Да |
| 944 ## - СЪЗДАВАНЕ И РЕДАКЦИЯ на ЗАПИСА | |
| Създаване/Редакция | Създаване |
| Дата на регистрацията/редакция | 2020-01-22 |
| Служител, извършил регистрацията/редакцията | Моника Янева |
| Статус, дата на статуса | 2020-01-22 |
| Код за отписване | Код за изгубен артикул | Източник на класификационната схема | Код за повреда | Коз за рестрикции | Код за отдаване | Артикулен № | Име на библиотеката - собственик | Име на библиотеката, в която се намира в момента | Статус (Текущо местоположение) | Дата на вписване в системата | Местоположение - отдел | Цена в лева | Систематично азбучна сигнатура | Баркод | Цена в евро | Служебен тип на артикула |
|---|---|---|---|---|---|---|---|---|---|---|---|---|---|---|---|---|
| Не е изгубен | Universal Decimal Classification | Не е повреден | само за читалня | ползва се в читалня | 754842 | Регионална библиотека "Любен Каравелов" Русе | Регионална библиотека "Любен Каравелов" Русе | Хранилище | 2020-01-29 | Хранилище | 18.00 | Цб 297843 | 120000841855 | 9.20 | Книги |